| 000 | 00984nas a2200325 4500 | ||
|---|---|---|---|
| 001 | BR0701265 | ||
| 003 | BR-BrBNA | ||
| 005 | 20231205110625.0 | ||
| 007 | ta | ||
| 008 | 230509b bl.|||p| |||| 00| 00por d | ||
| 040 |
_aBR-BrBNA _bpor _cBiblioteca Nacional de Agricultura |
||
| 041 | _a(Pt) | ||
| 072 | _aF70; K10 | ||
| 100 | 1 | _aCostalonga, S.R. | |
| 100 | 1 | _aReis, G.G. dos | |
| 100 | 1 | _aReis, M. das G.F. | |
| 100 | 1 | _aSilva, A.F. da | |
| 100 | 1 | _aBorges, E.E. de L. e | |
| 100 | 1 | _aGuimarães, F.P. | |
| 245 | 1 | _aFlorística do banco de sementes do solo em áreas contíguas de pastagem degradada, plantio de eucalipto e floresta em Paula Cândido, MG | |
| 650 | _aEUCALIPTO | ||
| 650 | _aFLORA | ||
| 650 | _aSEMENTE | ||
| 650 | _aPASTAGEM | ||
| 650 | _aPLANTIO | ||
| 650 | _aMINAS GERAIS | ||
| 773 | 0 |
_tFloresta (Brazil) _xISSN 0015-3826 _g(May-Aug 2006), v. 36(2) p. 239-250 _wBR0701265 |
|
| 909 |
_a202311 _bLúcia _c55 _dLúcia Elande |
||
| 942 |
_2AGRIS _n0 _cANA |
||
| 999 |
_c188238 _d188238 |
||